Сочинения А. С. Пушкина (Запис номер 390396)
[ съкратено ]
| 000 -Лидер | |
|---|---|
| Контролно поле с фиксирана дължина | 01165nam a2200289 a 4500 |
| 003 - Код на организацията, давaща контролен номер | |
| Контролно поле | BLK |
| 005 - Дата и час на последна редакция | |
| Контролно поле | 20230715005314.0 |
| 008 - Елементи от данни с фиксирана дължина | |
| fixed length control field | 201021b bu |||||r|||||00| | bu d |
| 040 ## - Източник на каталожния запис | |
| Идентификатор на билиотеката - собственик на записа | BLK |
| 041 ## - Код за език | |
| Код за езика на текст/звукозапис или на отделно заглавие | Руски |
| Код за езика КДБФ | Руски |
| 080 ## - УДК | |
| Текстов определител УДК | Руска литература |
| УДК код - определител по УДК | 821.161.1 |
| УДК определител | (081.1) |
| УДК - код + определител | 821.161.1(081.1) |
| 100 ## - Редна дума - Автор | |
| Автор | Пушкин, Александр Сергеевич |
| Дати, свързани с автора | 1799-1837 |
| R(LIN) | 262126 |
| 139 ## - Редно поле | |
| Редна дума | Пушкин, Александр Сергеевич |
| 245 ## - Сведения за заглавието | |
| Заглавие | Сочинения А. С. Пушкина |
| Подзаглавни данни | Полноеое собрание в 10 т. |
| Редно поле (дума) | Александр Сергеевич Пушкин : под ред. А. Скабичевскаго |
| Том | Т. 5. |
| 250 ## - Област на изданието | |
| Сведения за изданието | 3-е изд. |
| 257 ## - Страна на издаване | |
| Страна на създаване/издаване | Русия |
| 260 ## - Област на издателските данни | |
| 9 (RLIN) | 217910 |
| Място на издаване, разпространение и проч. | Санкт-Петербург |
| Име на издателя, разпространителя и проч. | Изд. т-ва Общественная польза |
| Година на издаване | 1887- |
| 300 ## - Физическа характеристика | |
| Размери/Мащаб | 15 см |
| 380 ## - Жанр | |
| Жанр | Худож. лит. |
| 490 ## - СЕРИИ (Колекции) | |
| 9 (RLIN) | 435080 |
| Име на серия | Колекция Редки и ценни издания |
| 505 ## - Форматирана забележка | |
| Заглавие | Т. 6. |
| 700 ## - Други автори (авторска отговорност) | |
| 9 (RLIN) | 1311 |
| Лично име | Скабичевский, А. М. |
| Автороска отговорност (Описва отношението между автора и произведението) | ред. |
| 760 ## - Описание на основната серия | |
| Издание | 1887 |
| Страници - том | 355 с. |
| Част - том | Т. 5. |
| 852 ## - Местоположение | |
| Форматна сигнатура | Рр 887 |
| Фондова буква | Редки и ценни |
| 999 ## - СИСТЕМНИ КОНТРОЛНИ НОМЕРА | |
| Koha biblionumber | 390396 |
| Koha biblioitemnumber | 390396 |
| 942 ## - АРТИКУЛИ | |
| Вид на библиотечния материал | Книги |
| Скрит в OPAC | Не |
| Периодичен библиозапис | Да |
| 944 ## - СЪЗДАВАНЕ И РЕДАКЦИЯ на ЗАПИСА | |
| Дата на регистрацията/редакция | 2020-10-21 |
| Служител, извършил регистрацията/редакцията | |
| Статус, дата на статуса | CRON CRON |
| Код за отписване | Код за изгубен артикул | Източник на класификационната схема | Код за повреда | Коз за рестрикции | Код за отдаване | Артикулен № | Име на библиотеката - собственик | Име на библиотеката, в която се намира в момента | Статус (Текущо местоположение) | Дата на вписване в системата | Местоположение - отдел | Цена в лева | Инвентарен номер | Систематично азбучна сигнатура | Баркод | Цена в евро | Служебен тип на артикула |
|---|---|---|---|---|---|---|---|---|---|---|---|---|---|---|---|---|---|
| Не е изгубен | Universal Decimal Classification | Не е повреден | само за читалня | Специални фондове ( старопечатни, редки и ценни, фонд М. Арнаудов) | 803970 | Регионална библиотека "Любен Каравелов" Русе | Регионална библиотека "Любен Каравелов" Русе | Редки и ценни | 2020-10-26 | Редки и ценни | 0.64 | 12863/58 | Рр 887 | 900000036755 | 0.33 | Книги |